|
|
|
|
| LEADER |
00914cam a2200217 7i4500 |
| 001 |
0000016991 |
| 005 |
20170717090000.0 |
| 008 |
070823 eng |
| 020 |
|
|
|a 9838612774 (pbk.)
|
| 020 |
|
|
|a 9789838612777
|
| 090 |
0 |
0 |
|a LB2326.3
|b .A39 2004
|
| 111 |
2 |
|
|a Advisory Committee to the Vice-Chancellor on World Class Programmes
|
| 245 |
1 |
0 |
|a Research assessment in institutions of higher learning
|c by the Advisory Committee to the Vice-Chancellor on World Class Programmes ; edited by Molly N. N. Lee.
|
| 260 |
|
|
|a Pulau Pinang:
|b USM,
|c 2004.
|
| 300 |
|
|
|a ix, 69 p.;
|c 23 cm.
|
| 504 |
|
|
|a Includes bibliographical references
|
| 650 |
0 |
0 |
|a Universities and college --
|x Research
|
| 650 |
0 |
0 |
|a Education, Higher --
|x Research
|
| 700 |
1 |
|
|a Lee, Molly N. N
|
| 997 |
|
|
|a Education & Social Sciences, Faculty
|b Education, Department
|
| 999 |
|
|
|a 0000022332
|b BOK
|c OPEN SHELF
|e 1st Floor, Bestari Jaya
|